Online
Catalog

Jane Eyre / (Record no. 51439)

MARC details
000 -CABECERA
campo de control de longitud fija 00936nam a2200277 a 4500
003 - IDENTIFICADOR DEL NÚMERO DE CONTROL
campo de control DO-SdBNP
005 - FECHA Y HORA DE LA ÚLTIMA TRANSACCIÓN
campo de control 20220329114144.0
007 - CAMPO FIJO DE DESCRIPCIÓN FÍSICA--INFORMACIÓN GENERAL
campo de control de longitud fija ta
008 - DATOS DE LONGITUD FIJA--INFORMACIÓN GENERAL
campo de control de longitud fija 220329r20071958spa||||er|||| 00| fbspa d
040 ## - FUENTE DE LA CATALOGACIÓN
Centro catalogador/agencia de origen DO-SdBNP
Lengua de catalogación spa
Centro/agencia transcriptor BNPHU
082 #4 - NÚMERO DE LA CLASIFICACIÓN DECIMAL DEWEY
Número de edición 22
Número de documento/Ítem B869E
100 1# - ENTRADA PRINCIPAL--NOMBRE DE PERSONA
Nombre de persona Brontë, Charlotte,
Fechas asociadas al nombre 1816-1855.
9 (RLIN) 81387
245 10 - MENCIÓN DE TÍTULO
Título Jane Eyre /
Mención de responsabilidad, etc. Charlotte Brontë; Traductor, Juan G. de Lucas; Prólogo, Emiliano M. Aguilera
260 ## - PUBLICACIÓN, DISTRIBUCIÓN, ETC.
Lugar de publicación, distribución, etc. Barcelona, España :
Nombre del editor, distribuidor, etc. Iberia,
Fecha de publicación, distribución, etc. 2007
300 ## - DESCRIPCIÓN FÍSICA
Extensión 449 p. :
Dimensiones 19 cm.
490 ## - MENCIÓN DE SERIE
Mención de serie Obras Maestras
500 ## - NOTA GENERAL
Nota general Incluye datos biográficos de la autora, p. v- x
590 ## - NOTA LOCAL (RLIN)
Nota local Inventariado 2022 / MF
650 #4 - PUNTO DE ACCESO ADICIONAL DE MATERIA--TÉRMINO DE MATERIA
9 (RLIN) 21272
Término de materia o nombre geográfico como elemento de entrada Literatura Clásica
Subdivisión general Traduciones del Inglés
650 #4 - PUNTO DE ACCESO ADICIONAL DE MATERIA--TÉRMINO DE MATERIA
9 (RLIN) 12571
Término de materia o nombre geográfico como elemento de entrada Novela de Ciencia Ficción Americana
700 1# - PUNTO DE ACCESO ADICIONAL--NOMBRE DE PERSONA
9 (RLIN) 42919
Nombre de persona Lucas, Juan G. de
Término indicativo de función/relación trad.
700 1# - PUNTO DE ACCESO ADICIONAL--NOMBRE DE PERSONA
Nombre de persona Aguilera, Emiliano M.
Término indicativo de función/relación pról.
9 (RLIN) 81388
830 ## - PUNTO DE ACCESO ADICIONAL DE SERIE-TÍTULO UNIFORME
Número de parte o sección de la obra Obras Maestras
9 (RLIN) 14105
910 ## - DATOS DE OPCIÓN DEL USUARIO (OCLC)
Datos de opción del usuario MFeliz
942 ## - ELEMENTOS DE PUNTO DE ACCESO ADICIONAL (KOHA)
Fuente del sistema de clasificación o colocación Dewey Decimal Classification
Tipo de ítem Koha Libro
Holdings
Estado de retiro Estado de pérdida Fuente del sistema de clasificación o colocación Restricciones de uso No para préstamo Código de colección Localización permanente Ubicación/localización actual Ubicación en estantería Fecha de adquisición Fuente de adquisición Total de préstamos Signatura topográfica completa Código de barras Fecha visto por última vez Precio válido a partir de Tipo de ítem Koha
    Dewey Decimal Classification Préstamo en sala   General Biblioteca Nacional Pedro Henríquez Ureña Biblioteca Nacional Pedro Henríquez Ureña Depósito 11.05.1973 Donado por Servicio Nacional de Lectura, España   B869E 2022-1014 29.03.2022 29.03.2022 Libro

Powered by Koha